000
00262nam a2200109Ia 4500
008
221007s9999 xx 000 0 und d
041
_a
eng
100
_a
May-06
_9
96875
245
_a
PC Quest 20 Classic Games
260
_b
Cyber media Ind. Ltd.
906
_b
General
999
_c
61328
_d
61328